Where did I act? #3 - Statistics

General Stats
  • This quiz has been taken 9 times
  • The average score is 48 of 60
Answer Stats
Question Tile Select % Correct
Clint Eastwood Air Force One No
100%
Clint Eastwood Bad Ass No
100%
Bill Murray Black Hawk Down No
100%
Bill Murray Cactus Flower No
100%
Clint Eastwood Dirty Dancing No
100%
Clint Eastwood Dirty Harry Yes
100%
Clint Eastwood Escape from Alcatraz Yes
100%
Clint Eastwood Escape from New York No
100%
Clint Eastwood Gran Torino Yes
100%
Bill Murray Groundhog Day Yes
100%
Bill Murray Happy Gilmore No
100%
Donald Trump Home Alone 2: Lost in New York Yes
100%
Clint Eastwood In the Line of Fire Yes
100%
Clint Eastwood Magnum Force Yes
100%
Clint Eastwood Office Space No
100%
Bill Murray Porky's No
100%
Clint Eastwood Space Cowboys Yes
100%
Clint Eastwood St. Elmo's Fire No
100%
Donald Trump The American President No
100%
Clint Eastwood The Forgiven No
100%
Clint Eastwood The Grand Budapest Hotel No
100%
Bill Murray This Is 40 No
100%
Clint Eastwood Unforgiven Yes
100%
Jeff Bridges American History X No
86%
Woody Harrelson Army of Darkness No
86%
Bill Murray Bad Times at the El Royale No
86%
Donald Trump Billionaire Boys Club No
86%
Bill Murray Caddyshack Yes
86%
Jeff Bridges Crazy Heart Yes
86%
Jeff Bridges Lolita No
86%
Bill Murray Lost in Translation Yes
86%
Woody Harrelson Rashomon No
86%
Woody Harrelson Ready Player One No
86%
Jeff Bridges Revolver No
86%
Bill Murray Rushmore Yes
86%
Jeff Bridges The Big Lebowski Yes
86%
Woody Harrelson The Illusionist No
86%
Mary Elizabeth Winstead The Maltese Falcon No
86%
Woody Harrelson The People vs. Larry Flynt Yes
86%
Jeff Bridges True Grit Yes
86%
Mary Elizabeth Winstead 10 Cloverfield Lane Yes
71%
Bill Murray Broken Flowers Yes
71%
Mary Elizabeth Winstead Scott Free No
71%
Woody Harrelson Sleeping with Other People No
71%
Mary Elizabeth Winstead Terminator: Dark Fate No
71%
Woody Harrelson The Hunger Games: Mockingjay - Part 2 Yes
71%
Clint Eastwood The Mule Yes
71%
Jeff Bridges The Virgin Suicides No
71%
Woody Harrelson Transformers No
71%
Woody Harrelson Zombieland Yes
71%
Mary Elizabeth Winstead 10 Things I Hate About You No
57%
Mary Elizabeth Winstead Birds of Prey: And the Fantabulous Emancipation of One Harley Quinn Yes
57%
Woody Harrelson Now You See Me Yes
57%
Mary Elizabeth Winstead Scott Pilgrim vs. the World Yes
57%
Mary Elizabeth Winstead Swiss Army Man Yes
29%
Woody Harrelson Transsiberian Yes
29%
Donald Trump Zoolander Yes
29%
Jeff Bridges Lolly-Madonna XXX Yes
14%
Woody Harrelson Bunraku Yes
0%
Bill Murray On the Rocks Yes
0%
No matching quizzes found
Score Distribution
Percent of People with Each Score
Percentile by Number Answered
Your Score History
You have not taken this quiz